| 000 | 00343nam a22001097a 4500 | ||
|---|---|---|---|
| 008 | 140826b xxu||||| |||| 00| 0 eng d | ||
| 050 | _a9780415278485 | ||
| 100 |
_aSartre,Jean -Paul _96629 |
||
| 245 |
_aBeing and Nothingness _ban essay on phenomenological ontology _cJean-Pual Sartre |
||
| 260 |
_aLondon _bRoutledge Classics _c1956 |
||
| 999 |
_c120772 _d120772 |
||